Random United States Cities On A Map - Statistics

General Stats
  • This quiz has been taken 23 times
    7 since last reset
  • The average score is 6 of 16
Answers on the Map
Answers color-coded by a green-red scale on the quiz's map according to % correct below.
 
Answer Stats
City % Correct
Akron
100%
Anchorage
100%
Atlanta
100%
Austin
100%
Baton Rouge
100%
Bismarck
100%
Cleveland
100%
Des Moines
100%
Detroit
100%
El Paso
100%
Gilbert
100%
Green Bay
100%
Jackson
100%
Joliet
100%
Lakeland
100%
Laredo
100%
McAllen
100%
Miami
100%
Minneapolis
100%
Mobile
100%
New Orleans
100%
Palm Bay
100%
Riverside
100%
Seattle
100%
Stamford
100%
Tuscaloosa
100%
Worcester
100%
Aurora
50%
Dallas
50%
Kansas City
50%
Kettering
50%
Albany
0%
Albuquerque
0%
Anaheim
0%
Ann Arbor
0%
Arlington
0%
Augusta
0%
Bakersfield
0%
Baltimore
0%
Bangor
0%
Boise
0%
Boston
0%
Brattelsboro
0%
Buffalo
0%
Cape Coral
0%
Chandler
0%
Charlotte
0%
Chesapeake
0%
Chicago
0%
Chula Vista
0%
Colorado Springs
0%
Columbus
0%
Corona
0%
Daly City
0%
Davenport
0%
Dayton
0%
Denton
0%
Denver
0%
Dover
0%
Downey
0%
Durham
0%
East Brunswick
0%
Elizabeth
0%
Elk Grove
0%
El Monte
0%
Erie
0%
Escondido
0%
Eugene
0%
Evansville
0%
Everett
0%
Fairbanks
0%
Fairburn
0%
Fairbury
0%
Fair Haven
0%
Fayetteville
0%
Flint
0%
Fontana
0%
Fort Worth
0%
Fresno
0%
Frisco
0%
Gary
0%
Gastonia
0%
Gillette
0%
Glendale
0%
Goodyear
0%
Grand Rapids
0%
Greensboro
0%
Greenville
0%
Haddonfield
0%
Hadley
0%
Hagerman
0%
Hemet
0%
Henderson
0%
Highlands Ranch
0%
Honolulu
0%
Hoover
0%
Houston
0%
Immokalee
0%
Independence
0%
Independence
0%
Indian Trail
0%
Indio
0%
Inglewood
0%
Irondequoit
0%
Irvine
0%
Irving
0%
Issaquah
0%
Jacksonville
0%
Janesville
0%
Jasper
0%
Jefferson City
0%
Jersey city
0%
Johnson City
0%
Joplin
0%
Jupiter
0%
Kalamazoo
0%
Kennewick
0%
Kenosha
0%
Kent
0%
Killeen
0%
Kirkland
0%
Kissimmee
0%
Knoxville
0%
Lancaster
0%
Las Vegas
0%
Lexington
0%
Lincoln
0%
Long Beach
0%
Los Angeles
0%
Louisville
0%
Lubbock
0%
Madison
0%
Medford
0%
Memphis
0%
Mesa
0%
Milwaukee
0%
Montgomery
0%
Nampa
0%
Naperville
0%
Nashua
0%
Nashville
0%
Newark
0%
New Haven
0%
Newton
0%
New York
0%
Norfolk
0%
Norwalk
0%
Oakland
0%
Oceanside
0%
Odessa
0%
O'fallon
0%
Ogden
0%
Oklahoma City
0%
Olathe
0%
Omaha
0%
Orem
0%
Overland Park
0%
Palmdale
0%
Pasco
0%
Paterson
0%
Pearland
0%
Philadelphia
0%
Phoenix
0%
Plano
0%
Portland
0%
Provo
0%
Quartz Hill
0%
Queen Creek
0%
Quincy
0%
Quincy
0%
Raleigh
0%
Reno
0%
Reno
0%
Roseville
0%
San Antonio
0%
Sanford
0%
Sayreville
0%
Severna Park
0%
Sherman
0%
Sioux Falls
0%
Skokie
0%
Spokane
0%
St. Louis
0%
St. Paul
0%
Tacoma
0%
Tallahasse
0%
Tampa
0%
Tempe
0%
Toledo
0%
Troy
0%
Tucson
0%
Tulsa
0%
Tyler
0%
Union City
0%
Upland
0%
Upper Montclair
0%
Urbana
0%
Utica
0%
Uvalde
0%
Ventura
0%
Vincent
0%
Vineland
0%
Virginia Beach
0%
Vista
0%
Washington
0%
Westerly
0%
Wheeling
0%
Wichita
0%
Woonsocket
0%
Xenia
0%
Yonkers
0%
Youngsville
0%
Yukon
0%
Yuma
0%
Zachary
0%
Zainesville
0%
Zephyrhills
0%
Zion
0%
Zionsville
0%
No matching quizzes found
Score Distribution
Percent of People with Each Score
Percentile by Number Answered
Your Score History
You have not taken this quiz since the last reset